000 00913nam a22002057a 4500
999 _c12507
_d12507
003 AR-CdUCM
008 190409b ||||| |||| 00| 0 spa d
040 _aMUNICIPALIDAD PROVINCIAL DEL CUSCO
_cBIBLIOTECA MUNICIPAL DEL CUSCO
082 _a575 /
_bH14
100 _aHaeckel, Ernesto
_925652
245 _aHistoria de la creación de los seres organizados :
_bsegún las leyes naturales /
260 _aValencia :
_bSempere,
300 _a2 tomos ;
_c22 cm
505 _aContenido: t.1: historia de la teoría de la evolución, sentido y significado del sistema genealógico, justificación de la teoría de la descendencia -- t.2: periodos y archivos de la creación, árbol genealógico e histórico del reino de los protistas...
650 _aCreación.
_93051
650 _aHistoria de la creación.
_930374
650 _aEvolución de la vida.
_918153
942 _2ddc
_cLIBROS
945 _awfj
_d2019-04-09